| 000 | 00393nam a2200145Ia 4500 | ||
|---|---|---|---|
| 020 | _a0719911079 | ||
| 082 | _a368.40941 WAL | ||
| 100 |
_aWalker, C. _94749 |
||
| 245 | _aChanging social policy | ||
| 260 |
_aLondon: _bBedford Square Press _c1983 |
||
| 300 | _a173p. :ill. ;21cm | ||
| 500 | _aIncludes bibliographical references | ||
| 650 |
_aSocial security - Great Britain _92704 |
||
| 942 | _cBK | ||
| 999 |
_c1698 _d1698 |
||